书目信息 |
| 题名: |
把生命留住:医药卫生
|
|
| 作者: | 陈传宏 , 邹晓东 编著 | |
| 分册: | ||
| 出版信息: | 北京 科学技术文献出版社 1999.09 |
|
| 页数: | 157页 | |
| 开本: | 32开 | |
| 丛书名: | ||
| 单 册: | ||
| 中图分类: | R-49 | |
| 科图分类: | ||
| 主题词: | 医药学 | |
| 电子资源: | ||
| ISBN: | 7-5023-2507-7 | |
| 000 | 00618nam0 2200205 45 | |
| 001 | 0009301608 | |
| 005 | 20000930161624.4 | |
| 010 | @a7-5023-2507-7@d6.00元 | |
| 100 | @a20000930d1999 km y0chiy0120 ea | |
| 101 | 0 | @achi |
| 105 | @a z 000yy | |
| 200 | 1 | @a把生命留住:医药卫生@ABa Sheng Ming Liu Zhu:Yi Yao Wei Sheng@f陈传宏,邹晓东编著@FChen Chuan Hong,Zou Xiao Dong Bian Zhu |
| 210 | @a北京@c科学技术文献出版社@d1999.09 | |
| 215 | @a157页@d32开 | |
| 606 | 0 | @a医药学 |
| 690 | @aR-49@v3 | |
| 701 | 0 | @a陈传宏@4编著 |
| 701 | 0 | @a邹晓东@4编著 |
| 801 | @aCN@bPftUser@c20000930 | |
| 905 | @b160805-809@dR-49@eCH315@f5 | |
| 把生命留住:医药卫生/陈传宏,邹晓东编著.-北京:科学技术文献出版社,1999.09 |
| 157页;32开 |
| ISBN 7-5023-2507-7:6.00元 |
| ● |
| 相关链接 |
|
|
|
正题名:把生命留住:医药卫生
索取号:R-49/CH315
 
预约/预借
| 序号 | 登录号 | 条形码 | 馆藏地/架位号 | 状态 | 备注 |
| 1 | 160805 | 201608055 | 自科库401/401自科库 103排1列2层/ [索取号:R-49/CH315] | 在馆 | |
| 2 | 160806 | 201608064 | 自科库401/401自科库 103排1列2层/ [索取号:R-49/CH315] | 在馆 | |
| 3 | 160807 | 201608073 | 自科库401/401自科库 103排1列2层/ [索取号:R-49/CH315] | 在馆 | |
| 4 | 160808 | 201608082 | 自科库401/401自科库 103排1列2层/ [索取号:R-49/CH315] | 在馆 | |
| 5 | 160809 | 201608091 | 自科库401/401自科库 103排1列2层/ [索取号:R-49/CH315] | 在馆 |